| 000 | 00469nam a22001937a 4500 | ||
|---|---|---|---|
| 003 | MPLRDC | ||
| 005 | 20220104144329.0 | ||
| 008 | 210129b ||||| |||| 00| 0 eng d | ||
| 020 | _a7-5303-2623-6 | ||
| 082 | _a411.1 ZJB | ||
| 100 | _a章静波主编 | ||
| 245 |
_a如何战胜疾病 _c |
||
| 250 | _a初版 | ||
| 260 |
_a _b北京少年儿童出版社 _c2002 |
||
| 300 | _b平 | ||
| 490 | _a解读生命丛书 | ||
| 650 | _a健康法 | ||
| 942 |
_cBK _o411.1 ZJB |
||
| 999 |
_c48571 _d48561 |
||